Who Scored The Goal? (Galatasaray) European Matches - Statistics

General Stats
  • This quiz has been taken 37 times
    11 since last reset
  • The average score is 28 of 37
Answer Stats
Matches Scorer % Correct
Juventus - Galatasaray119' 3-2 Barış Alper Yılmaz
100%
Galatasaray - Juventus15' 1-0 Gabriel Sara
100%
Galatasaray - Liverpool7' 1-0 Mario Lemina
100%
Galatasaray - Juventus75' 4-2 Noa Lang
100%
Galatasaray - Juventus86' 5-2 Sacha Boey
100%
Galatasaray - Liverpool16' 1-0 Victor Osimhen
100%
Galatasaray - Bodo Glimt3' 1-0 Victor Osimhen
100%
Galatasaray - Bodo Glimt33' 2-0 Victor Osimhen
100%
Ajax - Galatasaray59' 0-1 Victor Osimhen
100%
Ajax - Galatasaray66' 0-2 Victor Osimhen
100%
Ajax - Galatasaray78' 0-3 Victor Osimhen
100%
Juventus - Galatasaray105+1' 3-1 Victor Osimhen
100%
Eintracht Frankfurt - Galatasaray8' 0-1 Yunus Akgün
100%
Galatasaray - Bodo Glimt60' 3-0 Yunus Akgün
100%
Eintracht Frankfurt - Galatasaray45+2' 2-1 Can Uzun
89%
Galatasaray - Juventus60' 3-2 Davinson Sanchez
89%
Manchester City - Galatasaray11' 1-0 Erling Haaland
89%
Liverpool - Galatasaray62' 4-0 Mohamed Salah
89%
Galatasaray - Juventus49' 2-2 Noa Lang
89%
Galatasaray - Juventus16' 1-1 Teun Koopmeiners
89%
Galatasaray - Juventus32' 1-2 Teun Koopmeiners
89%
Galatasaray - Atletico Madrid20' 1-1 Marcos Llorente (OG)
78%
Liverpool - Galatasaray25' 1-0 Dominik Szoboszlai
67%
Galatasaray - Atletico Madrid4' 0-1 Giuliano Simeone
67%
Liverpool - Galatasaray51' 2-0 Hugo Ekitike
67%
Juventus - Galatasaray37' 1-0 Manuel Locatelli
67%
Manchester City - Galatasaray29' 2-0 Rayan Cherki
67%
Eintracht Frankfurt - Galatasaray37' 1-1 Davinson Sanchez (OG)
56%
Liverpool - Galatasaray53' 3-0 Ryan Gravenberch
56%
Eintracht Frankfurt - Galatasaray45+4' 3-1 Wilfried Singo (OG)
56%
Juventus - Galatasaray70' 2-0 Federico Gatti
44%
Monaco - Galatasaray68' 1-0 Folarin Balogun
44%
Juventus - Galatasaray82' 3-0 Weston McKennie
44%
Eintracht Frankfurt - Galatasaray66' 4-1 Jonathan Burkardt
33%
Galatasaray - Bodo Glimt75' 3-1 Andreas Helmersen
22%
Eintracht Frankfurt - Galatasaray75' 5-1 Ansgar Knauff
22%
Galatasaray - Union Saint-Gilloise57' 0-1 Promise David
22%
No matching quizzes found
Score Distribution
Percent of People with Each Score
Percentile by Number Answered
Your Score History
You have not taken this quiz since the last reset